[Event "4th AIMAG Women"]
[Site "Incheon KOR"]
[Date "2013.07.03"]
[Round "6.3"]
[White "Sukandar,I"]
[Black "Zhu Chen"]
[Result "1/2-1/2"]
[WhiteElo "2364"]
[BlackElo "2494"]

1.e4 c5 2.Nf3 d6 3.d4 cxd4 4.Nxd4 Nf6 5.Nc3 a6 6.Be2 e5 7.Nb3 Be7 8.Be3 Be6
9.O-O O-O 10.Qd2 Nbd7 11.Rfd1 Qc7 12.f3 Rfc8 13.a4 h6 14.Bf1 Nb6 15.Qf2 Nc4
16.Bxc4 Bxc4 17.Bb6 Qd7 18.Na5 Be6 19.Nd5 Bxd5 20.exd5 Bd8 21.c4 Bxb6 22.Qxb6 Qc7
23.Qxc7 Rxc7 24.b4 Nd7 25.Rac1 b6 26.Nc6 a5 27.bxa5 bxa5 28.Rb1 Nc5 29.Rb5 Nxa4
30.Ra1 Nc5 31.Rbxa5 Rxa5 32.Rxa5 f6 33.Ra8+ Kf7 34.Rd8 Rd7 35.Rb8 f5 36.Kf2 f4
37.Ke2 Kf6 38.Rf8+ Kg5 39.Nd8 Kg6 40.Nc6 Rb7 41.Rd8 Rd7 42.Rxd7 Nxd7 43.Ne7+ Kf6
44.Nc8 e4 45.Nxd6 e3 46.Ne4+ Ke5 47.h4 Kd4 48.d6 Kxc4 49.g3 fxg3 50.Nxg3 g6
51.Kxe3 Kd5 52.Ne4 Ne5 53.Kf4 Ke6 54.Kg3 Nf7 55.Kg4 Ne5+ 56.Kg3 Nf7 57.Kg4 Ne5+  1/2-1/2

[Event "4th AIMAG Women"]
[Site "Incheon KOR"]
[Date "2013.07.03"]
[Round "7.4"]
[White "Zhu Chen"]
[Black "Bayarmaa,B"]
[Result "1-0"]
[WhiteElo "2494"]
[BlackElo "2055"]

1.d4 Nf6 2.c4 g6 3.Nc3 Bg7 4.e4 O-O 5.Nge2 d6 6.Ng3 e5 7.d5 Nbd7 8.Be2 a5
9.Bg5 h6 10.Be3 Ne8 11.O-O f5 12.exf5 gxf5 13.f4 e4 14.Bd4 Nc5 15.Bxg7 Nxg7
16.Qd4 Bd7 17.b3 Be8 18.Rfe1 Qh4 19.Qe3 Bh5 20.Nxh5 Nxh5 21.g3 Qh3 22.Nd1 Nd3
23.Bxd3  1-0

[Event "Chinese Teams 2013"]
[Site "Shijiazhuang CHN"]
[Date "2013.11.11"]
[Round "15.3"]
[White "Huang Qian"]
[Black "Zhu Chen"]
[Result "1/2-1/2"]
[WhiteElo "2485"]
[BlackElo "2488"]

1.c4 c5 2.g3 Nc6 3.Bg2 g6 4.Nf3 Bg7 5.O-O e6 6.Nc3 Nge7 7.d3 O-O 8.Bf4 d5
9.cxd5 exd5 10.Qd2 Bf5 11.Rac1 b6 12.Bh6 d4 13.Ne4 Qd7 14.Bxg7 Kxg7 15.Qf4 Nd5
16.Qd6 Rad8 17.Qxd7 Rxd7 18.Nfd2 h6 19.Nc4 Rfd8 20.Ned2 Be6 21.Nf3 f6 22.Rfe1 g5
23.a3 Bf7 24.Ncd2 a6 25.Bf1 a5  1/2-1/2

[Event "Chinese Teams 2013"]
[Site "Shijiazhuang CHN"]
[Date "2013.11.12"]
[Round "16.4"]
[White "Zhu Chen"]
[Black "Yuan,Ye"]
[Result "1-0"]
[WhiteElo "2488"]
[BlackElo "2053"]

1.d4 Nf6 2.c4 e6 3.Nf3 b6 4.a3 Bb7 5.Nc3 d5 6.cxd5 Nxd5 7.Qc2 Be7 8.e4 Nxc3
9.bxc3 O-O 10.c4 Nd7 11.Be2 e5 12.d5 Bd6 13.O-O Nc5 14.Be3 Qe7 15.a4 a5 16.Nd2 Rae8
17.Nb3 Bc8 18.Nxc5 Bxc5 19.Bxc5 Qxc5 20.Qb2 Bd7 21.Qa3 Kh8 22.Rfb1 Qd4 23.Bf3 f5
24.Rd1 Qxc4 25.Qc1 Qxc1 26.Rdxc1 Rc8 27.exf5 Rxf5 28.Be4 g6  1-0

[Event "Chinese Teams 2013"]
[Site "Shijiazhuang CHN"]
[Date "2013.11.13"]
[Round "17.4"]
[White "Ni,Shiqun"]
[Black "Zhu Chen"]
[Result "1-0"]
[WhiteElo "2267"]
[BlackElo "2488"]

1.e4 c5 2.Nf3 a6 3.c4 e6 4.Nc3 Qc7 5.Be2 Nc6 6.d4 cxd4 7.Nxd4 Nf6 8.O-O Nxd4
9.Qxd4 Bc5 10.Qd3 b6 11.Be3 Bb7 12.Rfd1 Rd8 13.a3 O-O 14.b4 Bxe3 15.Qxe3 d6
16.Rac1 Rb8 17.f3 Rfd8 18.Qd4 h6 19.Qd3 Ne8 20.Rc2 Rdc8 21.a4 Qe7 22.Qe3 Ba8
23.Rcd2 Rc7 24.Bf1 Qf6 25.f4 e5 26.f5 Qg5 27.Qf2 Kh7 28.Rd3 Qe7 29.R3d2 Qg5
30.Rd3 Qe7 31.R3d2 Rcc8 32.Be2 Qg5 33.Rd3 Qe7 34.R3d2 Qg5 35.Rd3 Qf6 36.R3d2 b5
37.axb5 axb5 38.Nxb5 Bxe4 39.Nxd6 Nxd6 40.Rxd6 Qxf5 41.b5 Qxf2+ 42.Kxf2 Bc2
43.Rc1 Ba4 44.Rb1 e4 45.Rb2 f5 46.Ra6 Bd1 47.Bxd1 Rxc4 48.b6 Rc6 49.Be2 Rb7
50.g3 Kg6 51.h4 Kf6 52.h5 g6 53.Rb5 Kg5 54.hxg6 Kxg6 55.Bd1 Rd6 56.Bb3 Kg5
57.Bd5 Rb8 58.Bxe4 Kf6 59.Rxf5+ Ke6 60.Rh5  1-0

[Event "Chinese Teams 2013"]
[Site "Shijiazhuang CHN"]
[Date "2013.11.14"]
[Round "18.3"]
[White "Zhu Chen"]
[Black "Ning Chunhong"]
[Result "1/2-1/2"]
[WhiteElo "2488"]
[BlackElo "2295"]

1.d4 Nf6 2.c4 Nc6 3.Nf3 e6 4.g3 Bb4+ 5.Nbd2 O-O 6.Bg2 d6 7.O-O e5 8.d5 Bxd2
9.Bxd2 Nb8 10.b4 Nbd7 11.Qc2 Re8 12.e4 b6 13.Rfd1 a5 14.a3 axb4 15.axb4 Bb7
16.Ne1 Qe7 17.Nd3 h6 18.f3 c6 19.dxc6 Bxc6 20.Nb2 b5 21.Rxa8 Rxa8 22.Bf1 bxc4
23.Qxc4 Rc8 24.Be3 Qf8 25.Qb3 Rb8 26.b5 Nc5 27.Bxc5 dxc5 28.Na4 Qe8 29.Rb1 Nd7
30.Qd3 Bb7 31.Qd6 Qe6 32.Qxe6 fxe6 33.Rd1 Bc8 34.Rc1 Bb7 35.Nxc5 Rc8 36.Nb3 Rxc1
37.Nxc1 Kf7 38.Nb3 Ke7 39.Na5 Nc5 40.Kf2 Bc8 41.Ke3 Bd7 42.Kd2 Na4 43.Kc2 Kd6
44.Kb3 Nb6 45.Kb4 Bc8 46.Nb3 Nd7 47.Nd2 Nb6 48.Ka5 Nd7 49.Nb3 Bb7 50.b6 Nb8
51.Bb5 g5 52.g4 Nc6+ 53.Bxc6 Kxc6 54.Kb4 Kxb6 55.Nc5 Bc8 56.Nd3 Bd7 57.Nxe5 Be8
58.Kc4 Kc7 59.Kc5 Ba4 60.Kd4 Be8 61.Nc4 Kd7 62.Ke5 Ke7 63.Ne3 Bb5 64.Nc2 Ba4
65.Nd4 Bd7 66.h3 Bc8 67.f4 gxf4 68.Kxf4 Kf6 69.e5+ Kg6 70.h4 Bd7 71.h5+ Kf7
72.g5 hxg5+ 73.Kxg5 Bc8 74.h6 Bd7 75.Kh5 Be8 76.Nf3 Kg8+ 77.Kh4 Kf7 78.Kg5 Bb5
79.Ne1 Bc6 80.Nd3 Be4 81.Nf4 Bc2 82.Nh5 Bb1 83.Nf6 Bc2 84.Nd7 Bb1 85.Nb6 Bc2
86.Nc4 Bb1 87.Nd6+ Ke7 88.Kg4 Bc2 89.Kf4 Bb1 90.Kg5 Bc2 91.Kg4 Bb1 92.Kf4 Bc2
93.Ne4 Kf7 94.Ng5+ Kg6 95.Nxe6 Kxh6 96.Nd4 Bb1 97.e6 Ba2 98.e7 Bf7 99.Kf5 Kg7
100.Ne6+ Kg8 101.Kf6 Be8 102.Nc5 Bb5 103.Ke6 Be8 104.Kf6 Bb5 105.Ne4 Bd7
106.Ng5 Be8 107.Nf3 Bb5 108.Nd4 Ba4 109.Nf5 Be8 110.Ke6 Ba4 111.Kf6 Bc6 112.Nh6+ Kh7
113.Nf7 Kg8 114.Ne5 Ba4 115.Ke6 Be8 116.Nd7 Kg7 117.Nf6 Bf7+ 118.Ke5 Bg6
119.Ng4 Bh5 120.Kd6 Be8 121.Kc7 Bh5 122.Kd8 Bg6 123.Ne5 Bh5 124.Kd7 Kg8 125.Ke6 Kg7
126.Nd7 Be8 127.Nf6 Bf7+ 128.Kf5 Bg6+ 129.Kg5 Bf7 130.Ne4 Be8 131.Nd6 Bd7  1/2-1/2

[Event "ch-Arab Women 2013"]
[Site "Abu Dhabi UAE"]
[Date "2013.12.09"]
[Round "2.1"]
[White "Zhu Chen"]
[Black "Dahdal,Lougain"]
[Result "1-0"]
[WhiteElo "2479"]
[BlackElo "2002"]

1.d4 Nf6 2.c4 e6 3.Nf3 d5 4.Nc3 c6 5.e3 Bd6 6.b3 Nbd7 7.Be2 O-O 8.O-O dxc4
9.bxc4 e5 10.Qc2 Qe7 11.Rd1 Re8 12.a4 e4 13.Nd2 Nf8 14.c5 Bxh2+ 15.Kxh2 Ng4+
16.Bxg4 Bxg4 17.Rh1 Bf5 18.Nc4 Qg5 19.Nd6 Ng6 20.Kg1 h5 21.Nxf5 Qxf5 22.f3 h4
23.fxe4 Qg4 24.Bd2 Re6 25.Rf1 h3 26.Rxh3 Nh4 27.Be1 g5 28.Bxh4  1-0

[Event "ch-Arab Women 2013"]
[Site "Abu Dhabi UAE"]
[Date "2013.12.11"]
[Round "4.1"]
[White "Zhu Chen"]
[Black "Mona,K"]
[Result "1-0"]
[WhiteElo "2479"]
[BlackElo "2084"]

1.d4 Nf6 2.c4 g6 3.g3 c6 4.Bg2 d5 5.Qa4 Bg7 6.cxd5 Nxd5 7.e3 O-O 8.Nf3 Nd7
9.O-O e5 10.dxe5 Nxe5 11.Nxe5 Bxe5 12.e4 Nb6 13.Qc2 Be6 14.Bh6 Re8 15.Nc3 Nc4
16.Rad1 Qf6 17.Bc1 Rad8 18.Kh1 Rxd1 19.Nxd1 Rd8 20.b3 Nb6 21.f4 Bd4 22.Ba3 Rd7
23.h3 Qd8 24.Nf2 f5 25.Qe2 c5 26.exf5 Bxf5 27.Ne4 Re7 28.g4 Bxe4 29.Bxe4 Qe8
30.Re1 Kg7 31.Qd3 Nd7 32.g5 b6 33.Re2 Qf7 34.Bc1 Ne5 35.Qd1 Nd7 36.Bc6 Nf8
37.Kg2 Ne6 38.Re4 Rc7 39.Bb5 Qf5 40.Qe2 Re7 41.Bd3 Qd5 42.Kg3 Qd6 43.Bc4 Kf7
44.Kg4 b5 45.Bxb5 Ng7 46.Bc4+ Kf8 47.Rxe7 Qxe7 48.Qxe7+ Kxe7 49.Bg8 Nf5 50.h4 Kf8
51.Bxh7 Nxh4 52.Kxh4 Kg7 53.Bxg6 Kxg6 54.Kg4 a6 55.f5+ Kg7 56.Kf4 Kf7 57.Ke4  1-0

[Event "ch-Arab Women 2013"]
[Site "Abu Dhabi UAE"]
[Date "2013.12.12"]
[Round "5.1"]
[White "Jalloul,M"]
[Black "Zhu Chen"]
[Result "0-1"]
[WhiteElo "1920"]
[BlackElo "2479"]

1.d4 Nf6 2.Nf3 e6 3.g3 b5 4.Bg2 Bb7 5.O-O c5 6.c3 Be7 7.Nbd2 O-O 8.Re1 d5
9.Ne5 cxd4 10.cxd4 Qb6 11.e3 Rc8 12.Nd3 b4 13.Nb3 Nbd7 14.Bd2 Ba6 15.Bf1 Bc4
16.Rc1 Rab8 17.Ndc5 Nxc5 18.dxc5 Qb5 19.Qc2 Bxf1 20.Rxf1 g6 21.c6 Rb6 22.Nd4 Qa6
23.f4 Ne4 24.b3 Bc5 25.Rfd1 Bxd4 26.exd4 Rbxc6 27.Qb2 Qe2  0-1

[Event "ch-Arab Women 2013"]
[Site "Abu Dhabi UAE"]
[Date "2013.12.12"]
[Round "6.1"]
[White "Zhu Chen"]
[Black "Wafa,Shrook"]
[Result "1-0"]
[WhiteElo "2479"]
[BlackElo "2010"]

1.d4 d5 2.c4 c6 3.Nf3 Nf6 4.e3 e6 5.Nc3 Nbd7 6.Qc2 Be7 7.Bd3 O-O 8.O-O dxc4
9.Bxc4 b5 10.Bd3 Bb7 11.e4 b4 12.Na4 h6 13.e5 Nd5 14.Qe2 Bc8 15.Bd2 Rb8 16.Rfc1 Qa5
17.b3 c5 18.Qe4 f5 19.exf6 N7xf6 20.Qg6 Kh8 21.Ne5 Bd6 22.Nxc5 Bxe5 23.dxe5 Ne7
24.Qg3 Nfd5 25.Qh4 Nf5 26.Bxf5 Rxf5 27.Bxh6 gxh6 28.Qxh6+ Kg8 29.Rc4 Kf7
30.Ne4 Ke7 31.Qh4+ Kd7 32.Qh7+ Kd8 33.Qh8+ Ke7 34.Nd6 Rf8 35.Qg7+  1-0

[Event "ch-Arab Women 2013"]
[Site "Abu Dhabi UAE"]
[Date "2013.12.13"]
[Round "7.1"]
[White "Jamalia,N"]
[Black "Zhu Chen"]
[Result "0-1"]
[WhiteElo "1994"]
[BlackElo "2479"]

1.e4 c5 2.Nf3 d6 3.d4 cxd4 4.Qxd4 a6 5.Bc4 Nc6 6.Qd3 e6 7.O-O b5 8.Bb3 Bb7
9.a3 Nf6 10.Nc3 Be7 11.Bf4 Nh5 12.Bg3 O-O 13.Rad1 Nxg3 14.hxg3 Rc8 15.Nd2 Bf6
16.Nf3 Be7 17.Nd2 Qb6 18.Ba2 Rfd8 19.Kh2 Bf6 20.f4 Bxc3 21.bxc3 Qc5 22.f5 Ne5
23.Qe2 exf5 24.Rxf5 g6 25.Rf4 Qxc3 26.Bb3 Rc7 27.Rdf1 Bc8 28.Nb1 Qc5 29.Kh1 Rf8
30.Rh4 Nc4 31.Rf6 Qg5 32.Qf1 Qxg3 33.Rh6 Kg7 34.Rh2 Ne3 35.Qf2 Qxh2+  0-1

[Event "ch-Arab Women 2013"]
[Site "Abu Dhabi UAE"]
[Date "2013.12.14"]
[Round "8.1"]
[White "Zhu Chen"]
[Black "Latreche,S"]
[Result "1/2-1/2"]
[WhiteElo "2479"]
[BlackElo "1978"]

1.d4 Nf6 2.c4 g6 3.Nc3 d5 4.Nf3 Bg7 5.h4 h5 6.Bg5 c6 7.e3 Ne4 8.Nxe4 dxe4
9.Nd2 Qa5 10.Qc2 Na6 11.Qxe4 O-O 12.Qc2 Nb4 13.Qb3 Bf5 14.e4 Bxe4 15.Rc1  1/2-1/2

[Event "ch-Arab Women 2013"]
[Site "Abu Dhabi UAE"]
[Date "2013.12.15"]
[Round "9.1"]
[White "Zhu Chen"]
[Black "Razan,A"]
[Result "1-0"]
[WhiteElo "2479"]
[BlackElo "1840"]

1.d4 Nf6 2.c4 c5 3.d5 b5 4.cxb5 a6 5.bxa6 g6 6.Nc3 Bxa6 7.Nf3 d6 8.g3 Bg7
9.Bg2 O-O 10.O-O Nbd7 11.Qc2 Qc7 12.Rd1 Ng4 13.h3 Nge5 14.Nd2 Rfb8 15.b3 c4
16.Bb2 Nc5 17.Rab1 cxb3 18.axb3 Bc8 19.Na4 Ned7 20.Bxg7 Kxg7 21.Rdc1 Qa5
22.Nxc5 Nxc5 23.b4  1-0

[Event "Gibraltar Masters 2014"]
[Site "Caleta ENG"]
[Date "2014.01.28"]
[Round "1.64"]
[White "Zhu Chen"]
[Black "Suez Panama,G"]
[Result "1-0"]
[WhiteElo "2481"]
[BlackElo "2071"]

1.d4 d5 2.c4 c6 3.Nf3 e6 4.b3 f5 5.g3 Nf6 6.Bg2 Bd6 7.O-O Qe7 8.a4 a5 9.Ba3 Bxa3
10.Nxa3 Na6 11.Nc2 b6 12.Ne5 Bb7 13.Qc1 Rc8 14.Qb2 O-O 15.Rfd1 Rc7 16.Rab1 Nb4
17.Rbc1 c5 18.Na3 Ba6 19.e3 Rfc8 20.Bf1 cxd4 21.exd4 Ne4 22.Re1 Qf6 23.f3 Nd6
24.Qd2 Nf7 25.Nb5 Bxb5 26.axb5 Nxe5 27.Rxe5 Kf7 28.f4 g6 29.Rce1 Re8 30.Qf2 Qd8
31.c5 Rce7 32.h3 Qc7 33.Rc1 h5 34.Qd2 Rc8 35.Kg2 Kf6 36.Ree1 Rg8 37.Rc3 Qb8
38.Re5 Rge8 39.Be2 Rh8 40.Kf1 Qd8 41.Rc1 Qb8 42.Re1 Rc8 43.Kg2 Qc7 44.Rc1 Qb8
45.Qe1 Rh8 46.Qf2 Qd8 47.Bf1 Qc7 48.Re3 Qb8 49.Rec3 Rg7 50.Qe2 Rb7 51.cxb6 Rxb6
52.Rc7 Nc6 53.Qe5+ Nxe5 54.dxe5+  1-0

[Event "Gibraltar Masters 2014"]
[Site "Caleta ENG"]
[Date "2014.01.29"]
[Round "2.54"]
[White "Amgalanbaatar,R"]
[Black "Zhu Chen"]
[Result "0-1"]
[WhiteElo "2137"]
[BlackElo "2481"]

1.e4 e6 2.b3 d5 3.Bb2 d4 4.Nf3 c5 5.Bb5+ Bd7 6.Bxd7+ Nxd7 7.d3 Ne7 8.Nbd2 Nc6
9.a4 a6 10.O-O Be7 11.h3 O-O 12.Nh2 e5 13.Kh1 Qc7 14.Rg1 b5 15.g4 Na5 16.g5 Rfc8
17.Ba3 Nf8 18.Ndf3 bxa4 19.bxa4 Kh8 20.Ng4 Nc6 21.h4 c4 22.h5 Bxa3 23.Rxa3 c3
24.Qc1 Rab8 25.Nh4 Rb2 26.g6 fxg6 27.hxg6 Qe7 28.Nf5 Qxa3 29.Qh6 Rb7 30.Qh5 Nxg6
31.Nf6 gxf6 32.Rxg6 Rb1+ 33.Kg2 Qc1 34.Ng3 Qg1+ 35.Kh3 Qh1+  0-1

[Event "Gibraltar Masters 2014"]
[Site "Caleta ENG"]
[Date "2014.01.30"]
[Round "3.16"]
[White "Zhu Chen"]
[Black "Adhiban,Baskaran"]
[Result "1/2-1/2"]
[WhiteElo "2481"]
[BlackElo "2590"]

1.d4 Nf6 2.c4 e6 3.Nf3 b6 4.a3 Bb7 5.Nc3 d5 6.cxd5 Nxd5 7.Qc2 c5 8.e4 Nxc3
9.bxc3 Nd7 10.Bd3 Qc8 11.O-O cxd4 12.cxd4 Qxc2 13.Bxc2 Ba6 14.Re1 Rc8 15.Bb3 Be7
16.Bd2 h6 17.h3 Bb7 18.Ba4 a6 19.Bxd7+ Kxd7 20.Ne5+ Ke8 21.Rab1 Bd8 22.d5 f6
23.Ng6 Rg8 24.dxe6 Rc6 25.f4 Rxe6 26.f5 Rd6 27.Bb4 Rd4 28.Rbd1 Rxd1 29.Rxd1 a5
30.Bc3 Bc6 31.e5 fxe5 32.Nxe5 Bf6 33.Rd6 Bxe5 34.Bxe5 Bd7 35.Rxb6 Bxf5 36.Ra6 Kf7
37.Rxa5 g6 38.g4 Be4 39.Ra7+ Ke6 40.Bf4 Ra8 41.Rxa8 Bxa8 42.Bxh6 Be4 43.Kf2 Kd5
44.Ke3 Bb1 45.a4 Kc6 46.Kd4 Kb7 47.Bd2 Bc2 48.a5 Bb1 49.Ke5 Bd3 50.Kd4 Bb1
51.h4 Bc2 52.h5 gxh5 53.gxh5  1/2-1/2

[Event "Gibraltar Masters 2014"]
[Site "Caleta ENG"]
[Date "2014.01.31"]
[Round "4.18"]
[White "Bologan,V"]
[Black "Zhu Chen"]
[Result "1/2-1/2"]
[WhiteElo "2660"]
[BlackElo "2481"]

1.d4 d5 2.c4 c6 3.Nf3 Nf6 4.Nc3 dxc4 5.a4 e6 6.e4 Bb4 7.e5 Nd5 8.Bd2 b5 9.axb5 Bxc3
10.bxc3 cxb5 11.Ng5 h6 12.Qh5 O-O 13.Ne4 Nc6 14.Bxh6 gxh6 15.Qxh6 f5 16.Qg6+ Kh8
17.Qh6+ Kg8 18.Qg6+ Kh8 19.Qh6+ Kg8 20.Qg6+  1/2-1/2

[Event "Gibraltar Masters 2014"]
[Site "Caleta ENG"]
[Date "2014.02.01"]
[Round "5.14"]
[White "Zhu Chen"]
[Black "Cheparinov,I"]
[Result "0-1"]
[WhiteElo "2481"]
[BlackElo "2672"]

1.d4 Nf6 2.c4 g6 3.g3 Bg7 4.Bg2 O-O 5.Nc3 d6 6.Nf3 Nbd7 7.O-O e5 8.Qc2 Re8
9.Rd1 exd4 10.Nxd4 a5 11.b3 Nc5 12.Rb1 h6 13.e4 Qe7 14.f3 c6 15.Bb2 h5 16.Qd2 Nfd7
17.f4 h4 18.Re1 hxg3 19.hxg3 Nf6 20.Ba3 Ng4 21.Na4 Nxa4 22.bxa4 Qc7 23.Bf3 Nf6
24.Nb3 c5 25.Rbd1 Ra6 26.Bb2 Qc6 27.Bxf6 Bxf6 28.Kg2 Qc7 29.Rh1 Bg7 30.Rh4 Qe7
31.Rdh1 Bd7 32.Kg1 Bc6 33.Qh2 Qf6 34.Qh3 Raa8 35.Nd2 Qd4+ 36.Kf1 Kf8 37.Rh2 Qd3+
38.Kg1 Qe3+ 39.Kf1 Qd3+ 40.Kg1 Qd4+ 41.Kf1 Qa1+ 42.Ke2 f5 43.e5 dxe5 44.Rh8+ Kf7
45.Rxe8 Rxe8 46.Bxc6 bxc6  0-1

[Event "Gibraltar Masters 2014"]
[Site "Caleta ENG"]
[Date "2014.02.02"]
[Round "6.40"]
[White "Salomon,J"]
[Black "Zhu Chen"]
[Result "1-0"]
[WhiteElo "2308"]
[BlackElo "2481"]

1.e4 c5 2.Nf3 d6 3.d4 cxd4 4.Qxd4 Nc6 5.Bb5 Bd7 6.Qd3 Nf6 7.c4 a6 8.Bxc6 Bxc6
9.Nc3 g6 10.O-O Bg7 11.Nd4 Nd7 12.Nxc6 bxc6 13.Bd2 Nc5 14.Qc2 O-O 15.Rad1 Qb8
16.b3 a5 17.Ne2 Ne6 18.Bc3 Bxc3 19.Nxc3 Nc5 20.Rb1 Qb4 21.Qc1 Rab8 22.Rd1 Ne6
23.Qe3 Qc5 24.Qd2 Qe5 25.Re1 Rb7 26.Rbc1 Rfb8 27.Na4 Rb4 28.Qe3 c5 29.Nc3 R4b7
30.Rcd1 Nd4 31.f4 Qg7 32.Rd2 Ra7 33.Rf2 Rd8 34.Nd5 e6 35.Nc3 f5 36.Rd2 fxe4
37.Nxe4 Re7 38.Nc3 Rde8 39.Qd3 Rf7 40.Ne2 e5 41.Nxd4 cxd4 42.fxe5 dxe5 43.c5 Qf6
44.a3 Ref8 45.h3 Qh4 46.Rde2 Rf2 47.c6 R8f3 48.Qe4 Qg3 49.Rxf2 Qxf2+ 50.Kh1 Rc3
51.Qxe5 Rc2 52.Qd5+ Kg7 53.Rg1 Kh6 54.b4 axb4 55.axb4 Rc3 56.b5 d3 57.Rd1 Qe2
58.Qf3 Kg7 59.Qxe2 dxe2 60.Re1 Rc2 61.Rxe2 Rxe2 62.b6 h5 63.c7 Rc2 64.b7 Rxc7
65.b8=Q Rf7 66.Qe5+ Kh7 67.Kh2 Rf5 68.Qe4 Rf7 69.Kg3 Rc7 70.Kh4 Ra7 71.Qe5 Rb7
72.Kg5 Ra7 73.Qd5 Re7 74.Qd6 Rg7 75.Qf6 Rg8 76.Qd6 Rg7 77.Qe6 Rg8 78.Qxg8+  1-0

[Event "Gibraltar Masters 2014"]
[Site "Caleta ENG"]
[Date "2014.02.03"]
[Round "7.54"]
[White "Zhu Chen"]
[Black "Hommerson,P"]
[Result "1/2-1/2"]
[WhiteElo "2481"]
[BlackElo "2255"]

1.d4 d5 2.c4 dxc4 3.Nf3 Nf6 4.e3 e6 5.Bxc4 c5 6.O-O a6 7.b3 cxd4 8.Qxd4 Qxd4
9.Nxd4 b6 10.Be2 Bb7 11.Bb2 Nbd7 12.Nd2 Bc5 13.a3 O-O 14.b4 Bd6 15.Nc4 Bc7
16.Rac1 Rac8 17.a4 Rfd8 18.Ba3 Ne5 19.b5 axb5 20.axb5 Nxc4 21.Rxc4 Bd5 22.Rcc1 Ra8
23.Rxc7 Rxa3 24.Rfc1 Kf8 25.Nc6 Rda8 26.Ne5 R3a7 27.Rxa7 Rxa7 28.f3 Nd7 29.Nd3 Ke7
30.Nb4 Nc5 31.Na6 Kd6 32.e4 Bb7 33.Rd1+ Ke7 34.Ra1 Ra8 35.Kf2 Nb3 36.Ra4 Rc8
37.Nb4 Ra8 38.Na6 Rc8 39.Ra2 Nc1 40.Rb2 Nxe2 41.Kxe2 f5 42.e5 g5 43.Nb4 f4
44.Ra2 Ra8 45.Rc2 Rc8 46.Nc6+ Bxc6 47.bxc6 Kd8 48.h4 h6 49.Rd2+ Kc7 50.Rd6 Ra8
51.Rxe6 Ra2+ 52.Kd3 Rxg2 53.Rxh6 b5 54.Kd4 Kb6 55.hxg5 Rxg5 56.Ke4 b4 57.Kxf4 Rg8
58.Rh2 Kxc6 59.Ke4 Rb8 60.Rc2+ Kd7 61.Rd2+ Kc6 62.Kd4 Rd8+ 63.Ke3 Rb8 64.Kd3 Kd5
65.f4 b3 66.Kc3+ Ke4 67.Rf2 b2 68.Rxb2 Rc8+ 69.Kb4 Kxf4  1/2-1/2

[Event "Gibraltar Masters 2014"]
[Site "Caleta ENG"]
[Date "2014.02.04"]
[Round "8.59"]
[White "Sanchez Botella,L"]
[Black "Zhu Chen"]
[Result "1/2-1/2"]
[WhiteElo "2241"]
[BlackElo "2481"]

1.d4 Nf6 2.c4 e6 3.Nf3 b6 4.g3 Ba6 5.Qc2 c5 6.d5 exd5 7.cxd5 Bb7 8.Bg2 Nxd5
9.O-O Be7 10.Rd1 Qc8 11.Qf5 g6 12.Qe5 f6 13.Qe4 Nc3 14.Qc2 Nxd1 15.Qxd1 d5
16.Bh6 Qd7 17.h4 Na6 18.a3 Nc7 19.Nbd2 Ne6 20.Bh3 Bf8 21.Bxf8 Kxf8 22.b4 Qe7
23.Qb3 cxb4 24.axb4 Kg7 25.Bxe6 Qxe6 26.Nd4 Qd7 27.N2f3 Rhe8 28.Kg2 h5 29.e3 Qg4
30.b5 Kh6 31.Ra4 Qd7 32.Qa2 Bc8 33.Ng1 Qb7 34.Ra6 Bd7 35.Nge2 Rec8 36.Nf4 Rc5
37.Qb1 Be8 38.Nfe6 Rc4 39.Qa1 Qe7 40.Rxb6 axb6 41.Qxa8 Kh7 42.Qb8 Bf7 43.Qxb6 Bxe6
44.Qxe6 Qxe6 45.Nxe6 Rb4 46.Nc7 Kg7 47.Nxd5 Rxb5 48.Nf4 Kh6 49.Ne6 Rb2 50.Nd4 Ra2
51.Kf1 g5 52.Nf3 Kg6 53.Kg2 Kf5 54.Nd4+ Ke4 55.Nf3 g4 56.Nd4 Kd3 57.Ne6 Kd2
58.Nf4 Ra5 59.Kf1 Kd1 60.Nd3 Ra1 61.Nf4 Kd2+ 62.Kg2 Ra5 63.Kf1  1/2-1/2

[Event "Gibraltar Masters 2014"]
[Site "Caleta ENG"]
[Date "2014.02.05"]
[Round "9.54"]
[White "Gandrud,V"]
[Black "Zhu Chen"]
[Result "1/2-1/2"]
[WhiteElo "2242"]
[BlackElo "2481"]

1.d4 Nf6 2.Nf3 e6 3.g3 b5 4.Bg2 Bb7 5.O-O Be7 6.b3 c5 7.c3 O-O 8.Nbd2 a5
9.a4 b4 10.c4 d5 11.Bb2 Nbd7 12.Qc2 h6 13.Rac1 Rc8 14.Qb1 Qb6 15.Rfd1 Rfd8
16.e3 Qa6 17.dxc5 Nxc5 18.Nd4 Nfd7 19.cxd5 exd5 20.Bf1 Qb6 21.Nf5 Bf8 22.Ba1 Re8
23.Bd4 g6 24.Nh4 Ba6 25.Bh3 Rc7 26.Ndf3 Be2 27.Rd2 Bxf3 28.Nxf3 Nf6 29.Rdc2 Nfe4
30.Ne5 Nc3 31.Rxc3 bxc3 32.Nd7 Rxd7 33.Bxd7 Rd8 34.Bb5 Bg7 35.Bxg7 Kxg7 36.Rxc3 d4
37.exd4 Ne6 38.Rd3 Nxd4 39.Qd1 h5 40.h4 Qc5 41.Bc4  1/2-1/2

[Event "Gibraltar Masters 2014"]
[Site "Caleta ENG"]
[Date "2014.02.06"]
[Round "10.56"]
[White "Zhu Chen"]
[Black "Kobo,Ori"]
[Result "0-1"]
[WhiteElo "2481"]
[BlackElo "2298"]

1.d4 Nf6 2.c4 g6 3.g3 c5 4.d5 b5 5.cxb5 a6 6.bxa6 d6 7.Nc3 Bg7 8.Nf3 O-O
9.Bg2 Nbd7 10.O-O Nb6 11.Re1 Bxa6 12.a4 Nfd7 13.Qc2 Nc4 14.Nd2 Rb8 15.Nxc4 Bxc4
16.Ra3 Ba6 17.a5 Qc7 18.Nd1 Rb7 19.b3 c4 20.bxc4 Rfb8 21.e4 Ne5 22.Ne3 Rb4
23.Ra2 Rb3 24.Rd1 Rc3 25.Qxc3 Nf3+ 26.Bxf3 Bxc3 27.Bd2 Bd4 28.Rc1 Rb3 29.Bd1 Rb7
30.Kg2 Qb8 31.Ba4 Rb2 32.Rxb2 Qxb2 33.Rd1 Qa2 34.Bb5 Bc8 35.Kf3 h5 36.Ke2 Bxe3
37.fxe3 Bg4+ 38.Ke1 Qc2  0-1

[Event "Latvian Railway Open 2014"]
[Site "Riga LAT"]
[Date "2014.03.28"]
[Round "1.2"]
[White "Shirov,A"]
[Black "Zhu Chen"]
[Result "1/2-1/2"]
[WhiteElo "2713"]
[BlackElo "2461"]

1.e4 e6 2.d4 d5 3.e5 c5 4.c3 Nc6 5.Nf3 Bd7 6.Be2 cxd4 7.cxd4 Nge7 8.O-O Nf5
9.Nc3 Be7 10.g4 Nh4 11.Nxh4 Bxh4 12.f4 Be7 13.Be3 a6 14.f5 Bg5 15.Qd2 h6
16.Rad1 Rc8 17.fxe6 Bxe6 18.Na4 O-O 19.Nc5 Rc7 20.a3 a5 21.Bxg5 Qxg5 22.Qxg5 hxg5
23.Nxe6 fxe6 24.Rxf8+ Kxf8 25.Kf2 Rf7+ 26.Ke3 Rf4 27.Bf3 Rf7 28.Rd3 Ke7 29.h3 Kd7
30.Bd1 b5 31.Bf3 Kc7 32.Rd1 Kb6 33.Be2 Rf4 34.Bf3 Rf8 35.b3 Rc8 36.Rc1 Rf8
37.Bg2 Rf4 38.Rd1 Rf8 39.a4 b4 40.Rf1 Rxf1 41.Bxf1 Ne7 42.Bb5 Kc7 43.Be8 Kd8
44.Bf7 Kd7 45.Kd3 Nc6 46.Ke3  1/2-1/2

[Event "V Chebanenko Rapid Open 2014"]
[Site "Chisinau MDA"]
[Date "2014.04.02"]
[Round "7.2"]
[White "Shirov,A"]
[Black "Zhu Chen"]
[Result "1-0"]
[WhiteElo "2702"]
[BlackElo "2461"]

1.e4 e6 2.d4 d5 3.e5 c5 4.c3 Nc6 5.Nf3 Bd7 6.Be2 Nge7 7.O-O Ng6 8.g3 Be7
9.h4 cxd4 10.cxd4 O-O 11.h5 Nh8 12.h6 g5 13.Nc3 f5 14.exf6 Bxf6 15.Kg2 Be8
16.Be3 Bg6 17.Bd3 Bh5 18.Nxg5 Bxg5 19.Qxh5 Bxe3 20.fxe3  1-0

[Event "World Blitz Women 2014"]
[Site "Khanty-Mansiysk RUS"]
[Date "2014.04.28"]
[Round "30.1"]
[White "Muzychuk,A"]
[Black "Zhu Chen"]
[Result "1-0"]
[WhiteElo "2560"]
[BlackElo "2461"]

1.e4 c5 2.Nf3 d6 3.Bb5+ Nd7 4.d4 cxd4 5.Qxd4 Nf6 6.c4 e5 7.Qd3 h6 8.Nc3 Be7
9.O-O O-O 10.Bxd7 Bxd7 11.b3 a6 12.a4 Rc8 13.Ba3 Be6 14.Rfd1 Rc6 15.Nxe5 dxe5
16.Qxd8 Rxd8 17.Bxe7 Rxd1+ 18.Rxd1 Nd7 19.f3 f6 20.Kf2 Kf7 21.Ba3 h5 22.g3 Rc8
23.Ke3 Nb8 24.f4 exf4+ 25.gxf4 g6 26.Rd6 Nc6 27.Nd5 Na5 28.f5 gxf5 29.exf5 Bxd5
30.Rd7+ Kg8 31.Rxd5 Nxb3 32.Kd3 Kg7 33.Kc3 b5 34.Kxb3 Rxc4 35.a5 Rf4 36.Rd7+ Kg8
37.Rd6 Rxf5 38.Rxa6 Rf1 39.Ra8+ Kf7 40.a6 Rb1+ 41.Ka2 b4 42.Kxb1  1-0

[Event "4th CHN w Masters 2014"]
[Site "Wuxi CHN"]
[Date "2014.05.06"]
[Round "1.5"]
[White "Zhai Mo"]
[Black "Zhu Chen"]
[Result "0-1"]
[WhiteElo "2303"]
[BlackElo "2461"]

1.e4 e6 2.d4 d5 3.Nd2 Be7 4.c3 c5 5.dxc5 Nf6 6.exd5 Nxd5 7.Nb3 O-O 8.Nf3 Qc7
9.Bc4 Rd8 10.Qe2 a5 11.a4 Na6 12.O-O Nxc5 13.Nxc5 Bxc5 14.Rd1 h6 15.g3 Bd7
16.Nd4 Be8 17.Bb5 Bxd4 18.Rxd4 e5 19.Rd1 Bc6 20.Bxc6 bxc6 21.c4 Ne7 22.Be3 Nf5
23.Qh5 g6 24.Qf3 Kg7 25.Rxd8 Rxd8 26.Rd1 Rxd1+ 27.Qxd1 Nxe3 28.fxe3 Qb6 29.Qd2 Qb3
30.c5 Qxa4 31.Kf2 Qe4 32.Qxa5 Qc2+ 33.Kf3 Qd1+ 34.Kf2 Qc2+ 35.Kf3 e4+ 36.Kf4 Qxb2
37.Kxe4 Qxh2 38.Qa1+ Kg8 39.Qe5 Qc2+ 40.Kf3 Qd1+ 41.Kf4 Qa4+ 42.Kf3 h5 43.Qe8+ Kg7
44.Qe5+ Kh7 45.Qc7 Qg4+ 46.Kf2 Qf5+ 47.Ke2 Qd5 48.Qd6 Qe4 49.Qf8 Qe6 50.Kd3 Qd5+
51.Ke2 g5 52.Qe7 Kg6 53.Qf8 Kf5 54.Qe7 Kg4 55.Qf6 Qc4+ 56.Kd2 Qxc5  0-1

[Event "4th CHN w Masters 2014"]
[Site "Wuxi CHN"]
[Date "2014.05.07"]
[Round "2.1"]
[White "Shen Yang"]
[Black "Zhu Chen"]
[Result "1/2-1/2"]
[WhiteElo "2458"]
[BlackElo "2461"]

1.d4 Nf6 2.Nf3 e6 3.c4 b6 4.g3 Ba6 5.b3 Bb7 6.Bg2 Bb4+ 7.Bd2 Be7 8.O-O O-O
9.Qc2 Be4 10.Qc1 c6 11.Nc3 d5 12.Bf4 Nbd7 13.Nxe4 Nxe4 14.Nd2 Nxd2 15.Qxd2 Nf6
16.Rac1 Bd6 17.Bg5 Be7 18.Bf4 Bd6 19.Bg5 Be7  1/2-1/2

[Event "4th CHN w Masters 2014"]
[Site "Wuxi CHN"]
[Date "2014.05.08"]
[Round "3.5"]
[White "Zhu Chen"]
[Black "Tan Zhongyi"]
[Result "1-0"]
[WhiteElo "2461"]
[BlackElo "2460"]

1.d4 Nf6 2.c4 e6 3.Nf3 c5 4.d5 b5 5.dxe6 fxe6 6.cxb5 d5 7.e3 Bd6 8.Nc3 O-O
9.Bd3 Bb7 10.Qe2 Nbd7 11.O-O Qc7 12.e4 d4 13.Na4 Ng4 14.h3 Rxf3 15.Qxf3 Nh2
16.Qe2 Nxf1 17.Kxf1 Ne5 18.b3 Rf8 19.Nb2 Qf7 20.Bd2 Bb8 21.f3 Qg6 22.Ke1 Qg3+
23.Kd1 Rf6 24.Be1 Qh2 25.Rc1 Ng6 26.Rc2 Nf4 27.Qf1 Nxd3 28.Qxd3 Qg1 29.Qc4 Bg3
30.Nd3 Qf1 31.Re2 h6 32.Qxc5 a6 33.Qb6 Bxe4 34.fxe4 axb5 35.Qxd4 e5 36.Qd5+ Kh7
37.Kd2 Ra6 38.a4 Bxe1+ 39.Nxe1 bxa4 40.Qxe5 axb3 41.Nd3 Ra2+ 42.Nb2 Qb1 43.Ke3 Ra8
44.Qf5+ Kh8 45.Kf2 Ra2 46.Qc8+ Kh7 47.Qc3 Ra8 48.Qf3 Qc1 49.e5 Rc8 50.Nd3 Qc3
51.e6 Qd4+ 52.Qe3 Qf6+ 53.Kg1  1-0